[Event "NCL967 Barbican-SW Dragons"]
[Site "Rd2"]
[Date "1996.10.20"]
[Round "2.3"]
[White "Rogers, Jonathan"]
[Black "James, David J"]
[Result "1/2-1/2"]
[WhiteElo "2300"]
[BlackElo "2260"]
[PlyCount "23"]
[EventDate "1996.10.20"]
[Source "J.Saunders"]
[SourceDate "1998.06.06"]

1. d4 Nf6 2. Nf3 b6 3. g3 e6 4. c4 Ba6 5. b3 Bb4+ 6. Bd2 Be7 7. Bg2 c6 8. Bc3
d5 9. Ne5 Nfd7 10. Nxd7 Nxd7 11. Nd2 O-O 12. O-O 1/2-1/2

[Event "NCL967 Barbican-SW Dragons"]
[Site "Rd2"]
[Date "1996.10.19"]
[Round "2.4"]
[White "Spice, Alan"]
[Black "Twyble, Michael"]
[Result "1/2-1/2"]
[WhiteElo "2210"]
[BlackElo "2250"]
[PlyCount "91"]
[EventDate "1996.10.20"]
[Source "J.Saunders"]
[SourceDate "1998.06.06"]

1. Nc3 c5 2. Nf3 g6 3. d4 cxd4 4. Nxd4 Bg7 5. g3 Nc6 6. Nxc6 bxc6 7. Bg2 Nf6 8.
O-O O-O 9. Bg5 Rb8 10. Qc1 Re8 11. Rb1 Qa5 12. a3 c5 13. Rd1 d6 14. Qd2 Ng4 15.
Nd5 Qxd2 16. Rxd2 f6 17. Bf4 Ne5 18. Nc7 Rf8 19. Bd5+ Kh8 20. Ne6 Bxe6 21. Bxe6
f5 22. b4 cxb4 23. Rxb4 Rxb4 24. axb4 Nc6 25. b5 Nd4 26. Bd7 Rd8 27. Be3 Rxd7
28. Bxd4 Bxd4 29. Rxd4 Rc7 30. Ra4 Rxc2 31. Rxa7 Rxe2 32. b6 Rb2 33. Rxe7 Rxb6
34. Rd7 Kg8 35. Kg2 h5 36. h4 Kf8 37. Kf3 Ke8 38. Rg7 d5 39. Ke3 Kf8 40. Rd7
Ke8 41. Rxd5 Kf7 42. Rd3 Kf6 43. Kd4 Rb2 44. Ke3 Rb6 45. Kd4 Rb2 46. Ke3
1/2-1/2

[Event "NCL967 Barbican-SW Dragons"]
[Site "Rd2"]
[Date "1996.10.20"]
[Round "2.7"]
[White "Reuben, Stewart"]
[Black "Smith, Jeff R"]
[Result "0-1"]
[WhiteElo "2230"]
[BlackElo "2200"]
[PlyCount "130"]
[EventDate "1996.10.20"]
[Source "J.Saunders"]
[SourceDate "1998.06.06"]

1. c4 Nf6 2. Nc3 e6 3. d4 Bb4 4. Bg5 h6 5. Bh4 c5 6. e3 Qa5 7. Qc2 Ne4 8. Rc1
d5 9. cxd5 exd5 10. f3 Nd6 11. a3 Bxc3+ 12. Qxc3 Qxc3+ 13. Rxc3 cxd4 14. exd4
O-O 15. Bd3 Nc6 16. Ne2 Re8 17. Kd2 Bf5 18. Bxf5 Nxf5 19. Bf2 Re7 20. Rc5 Rae8
21. Nc3 Nfxd4 22. Rxd5 Re2+ 23. Nxe2 Rxe2+ 24. Kd3 Rxf2 25. b4 Ne6 26. Ke3 Ra2
27. Rd3 Ne5 28. Rc3 Rxa3 29. Rhc1 Nc4+ 30. Ke4 Rxc3 31. Rxc3 b5 32. Kd5 a5 33.
bxa5 Nxa5 34. Rc8+ Kh7 35. Rb8 Nc4 36. Rb7 Kg6 37. g3 Ne3+ 38. Kd6 Nd4 39. Ke5
Nc6+ 40. Ke4 Nc4 41. Kd5 b4 42. Rb5 N4a5 43. h4 Kf6 44. Kd6 b3 45. Kd5 g6 46.
Rb6 Ke7 47. Rb5 Kd7 48. Rb6 Kc7 49. Rb5 Ne7+ 50. Kc5 Nb7+ 51. Kd4 Nf5+ 52. Ke5
Nxg3 53. Rxb3 Nd6 54. Rd3 Ngf5 55. f4 h5 56. Rh3 Ne8 57. Rh1 Kd7 58. Rh2 Ke7
59. Rh3 Nf6 60. Rh1 Ng4+ 61. Kd5 Kf6 62. Rh3 Nge3+ 63. Ke4 Ng2 64. Rh2 Ngxh4
65. Ra2 Nd6+ 0-1

[Event "NCL967 Celtic Kts-Slough"]
[Site "Rd2"]
[Date "1996.10.20"]
[Round "2.1"]
[White "Walsh, Chris"]
[Black "Kosten, Anthony"]
[Result "0-1"]
[WhiteElo "2180"]
[BlackElo "2525"]
[PlyCount "86"]
[EventDate "1996.10.20"]
[Source "J.Saunders"]
[SourceDate "1998.06.06"]

1. e4 c5 2. Nf3 Nc6 3. d4 cxd4 4. Nxd4 Nf6 5. Nc3 d6 6. Be2 e5 7. Nf3 h6 8. O-O
Be7 9. h3 Be6 10. Re1 Rc8 11. Bf1 Nb8 12. Nd5 Nxd5 13. exd5 Bf5 14. c4 O-O 15.
Be3 a5 16. Qa4 Nd7 17. Qb5 Bg6 18. a3 f5 19. Bd2 b6 20. b4 Bf6 21. Bc3 Bh5 22.
Nd2 e4 23. Bxf6 Nxf6 24. bxa5 bxa5 25. Qb2 Rb8 26. Qd4 Nd7 27. Rab1 Qc7 28. Rb5
Nc5 29. Reb1 a4 30. Rxb8 Rxb8 31. Rxb8+ Qxb8 32. g4 fxg4 33. Nxe4 gxh3 34. Ng3
Bg6 35. Bxh3 Qb1+ 36. Kg2 Nd3 37. Kh2 Qe1 38. Bf5 Ne5 39. Kg2 Bxf5 40. Nxf5 Qb1
41. Qf4 Ng6 42. Nxh6+ gxh6 43. Qg4 Qf5 0-1

[Event "NCL967 Celtic Kts-Slough"]
[Site "Rd2"]
[Date "1996.10.20"]
[Round "2.2"]
[White "Houska, Miroslav"]
[Black "Williams, Leighton"]
[Result "1-0"]
[WhiteElo "2265"]
[BlackElo "2135"]
[PlyCount "47"]
[EventDate "1996.10.20"]
[Source "J.Saunders"]
[SourceDate "1998.06.06"]

1. e4 c5 2. Nf3 Nc6 3. Nc3 Nf6 4. d4 cxd4 5. Nxd4 e5 6. Nde2 Bb4 7. a3 Bc5 8.
b4 Bd4 9. Nxd4 exd4 10. Nd5 Nxd5 11. exd5 Qe7+ 12. Be2 Qe5 13. dxc6 d3 14. Qxd3
Qxa1 15. Qe4+ Kf8 16. O-O Qc3 17. cxb7 Bxb7 18. Qxb7 Qc6 19. Bf3 Qxb7 20. Bxb7
Rb8 21. Bd5 a5 22. Bf4 Rc8 23. Bd6+ Ke8 24. b5 1-0

[Event "NCL967 Celtic Kts-Slough"]
[Site "Rd2"]
[Date "1996.10.20"]
[Round "2.3"]
[White "Musson, Adam"]
[Black "Webb, Richard"]
[Result "1/2-1/2"]
[WhiteElo "2090"]
[BlackElo "2290"]
[PlyCount "103"]
[EventDate "1996.10.20"]
[Source "J.Saunders"]
[SourceDate "1998.06.06"]

1. e4 c5 2. Nf3 d6 3. d4 cxd4 4. Nxd4 Nf6 5. Nc3 g6 6. Be3 Bg7 7. f3 O-O 8. Qd2
Nc6 9. O-O-O Nxd4 10. Bxd4 Be6 11. g4 Qa5 12. Kb1 Rfc8 13. a3 Rab8 14. h4 b5
15. Nd5 Qxd2 16. Rxd2 Nxd5 17. exd5 Bxd5 18. Bxg7 Bxf3 19. Rh3 Bxg4 20. Rg3
Kxg7 21. Rxg4 Rc5 22. Re4 Rb7 23. b4 Rf5 24. Be2 d5 25. Red4 e6 26. Kb2 Rf2 27.
Bd1 Rxd2 28. Rxd2 f5 29. Kc3 Kf6 30. Kd4 Rc7 31. Ke3 h6 32. Be2 Rc3+ 33. Kd4
Rxa3 34. Bxb5 Rh3 35. c4 Rxh4+ 36. Kc5 dxc4 37. Bxc4 e5 38. Ra2 Rd4 39. Rxa7
Kg5 40. Re7 Kf4 41. b5 Rd8 42. b6 e4 43. b7 g5 44. Be6 Rb8 45. Bc8 g4 46. Rf7
g3 47. Bxf5 g2 48. Bh3+ Kg3 49. Bxg2 Kxg2 50. Kd4 h5 51. Kxe4 h4 52. Rg7+
1/2-1/2

[Event "NCL967 Celtic Kts-Slough"]
[Site "Rd2"]
[Date "1996.10.20"]
[Round "2.4"]
[White "Smith, Andrew P"]
[Black "Adams, Mark"]
[Result "1-0"]
[WhiteElo "2265"]
[BlackElo "2100"]
[PlyCount "53"]
[EventDate "1996.10.20"]
[Source "J.Saunders"]
[SourceDate "1998.06.06"]

1. e4 c5 2. Nf3 d6 3. d4 cxd4 4. Nxd4 Nf6 5. Nc3 a6 6. Bg5 e6 7. Be2 Be7 8. O-O
Nbd7 9. Qd3 Nc5 10. Qf3 Qc7 11. Rad1 O-O 12. Nb3 Rd8 13. Nxc5 Qxc5 14. Be3 Qc6
15. Bd3 b5 16. a3 Bb7 17. Qh3 Qe8 18. f4 e5 19. Bb6 Rdc8 20. fxe5 dxe5 21. Kh1
Rc6 22. Be3 Qc8 23. Rf5 Bc5 24. Nd5 Qf8 25. Rxf6 Bxe3 26. Rxc6 Bxc6 27. Qxe3
1-0

[Event "NCL967 Celtic Kts-Slough"]
[Site "Rd2"]
[Date "1996.10.20"]
[Round "2.6"]
[White "Armstrong, Malcolm"]
[Black "Vaughan, David"]
[Result "1/2-1/2"]
[WhiteElo "2032"]
[BlackElo "2010"]
[PlyCount "42"]
[EventDate "1996.10.20"]
[Source "J.Saunders"]
[SourceDate "1998.06.06"]

1. e4 e5 2. Nf3 Nf6 3. Nxe5 d6 4. Nf3 Nxe4 5. d4 d5 6. Bd3 Be7 7. O-O O-O 8.
Nbd2 Nd6 9. c3 Bf5 10. Qc2 Qd7 11. Ne5 Bxd3 12. Qxd3 Qf5 13. Qe2 Re8 14. f4 h5
15. Qf3 c6 16. Re1 Na6 17. b3 f6 18. Nd3 Nb5 19. Bb2 Ba3 20. Bxa3 Nxa3 21. Nf1
Nb5 1/2-1/2

[Event "NCL967 Celtic Kts-Slough"]
[Site "Rd2"]
[Date "1996.10.20"]
[Round "2.7"]
[White "Sinnett, Glyn"]
[Black "Gold, David"]
[Result "1/2-1/2"]
[WhiteElo "2010"]
[BlackElo "2035"]
[PlyCount "45"]
[EventDate "1996.10.20"]
[Source "J.Saunders"]
[SourceDate "1998.06.06"]

1. e4 Nc6 2. Nf3 d6 3. Bc4 Nf6 4. d3 Bg4 5. Nbd2 e6 6. c3 Ne5 7. Qe2 Nxc4 8.
Nxc4 e5 9. Ne3 Bd7 10. Bd2 g6 11. O-O Bg7 12. Rac1 O-O 13. b4 a5 14. c4 axb4
15. Bxb4 Ra4 16. Bc3 b6 17. Rb1 Qa8 18. Rb2 Bh6 19. h3 Qc8 20. Nh2 Ra3 21. Rb3
Rxb3 22. axb3 Nh5 23. Nd5 1/2-1/2

[Event "NCL967 Celtic Kts-Slough"]
[Site "Rd2"]
[Date "1996.10.20"]
[Round "2.8"]
[White "Houska, Mario"]
[Black "Wilson, Julie"]
[Result "0-1"]
[WhiteElo "1624"]
[BlackElo "1656"]
[PlyCount "68"]
[EventDate "1996.10.20"]
[Source "J.Saunders"]
[SourceDate "1998.06.06"]

1. d4 Nf6 2. Bg5 e6 3. Bxf6 Qxf6 4. e3 d5 5. Qf3 Qd8 6. Bd3 Nd7 7. Nh3 Nf6 8.
Nd2 Bd6 9. e4 e5 10. dxe5 Bxe5 11. exd5 O-O 12. Nc4 Bg4 13. Qe3 Bxb2 14. O-O
Bxa1 15. Rxa1 Qxd5 16. Nf4 Qd8 17. Qg3 Re8 18. h3 Be6 19. Ne3 c6 20. Rd1 Qa5
21. Nxe6 Rxe6 22. Nf5 g6 23. Nh6+ Kf8 24. Nxf7 Re1+ 25. Kh2 Rxd1 26. Qd6+ Kg7
27. Ng5 Qxg5 28. Qc7+ Kh6 29. g4 Re8 30. h4 Nxg4+ 31. Kg2 Qd5+ 32. f3 Rd2+ 33.
Kg1 Re1+ 34. Bf1 Qd4+ 0-1

[Event "NCL967 Croydon-BCM"]
[Site "Rd3"]
[Date "1996.11.23"]
[Round "3.1"]
[White "Wilson, Jon"]
[Black "Chandler, Murray"]
[Result "0-1"]
[WhiteElo "2285"]
[BlackElo "2550"]
[PlyCount "80"]
[EventDate "1996.11.23"]
[Source "J.Saunders"]
[SourceDate "1998.06.06"]

1. d4 d5 2. c4 e6 3. Nc3 c5 4. cxd5 exd5 5. Nf3 Nc6 6. g3 Nf6 7. Bg2 Be7 8. O-O
O-O 9. Bg5 cxd4 10. Nxd4 h6 11. Be3 Re8 12. Rc1 Be6 13. Nxc6 bxc6 14. Na4 Qd7
15. Bc5 Bh3 16. Qd3 Bxg2 17. Kxg2 Qg4 18. Bd4 Rac8 19. Rc2 Nh7 20. h3 Qd7 21.
f4 Nf8 22. f5 Nh7 23. Nc5 Bxc5 24. Rxc5 Ng5 25. Ra5 Rc7 26. Be3 Ne4 27. f6 g5
28. Bc5 Rb7 29. Ba3 Re6 30. Ra4 c5 31. Rxe4 Rxe4 32. Bxc5 Rxb2 33. Rf2 Qe6 34.
e3 Rxf2+ 35. Kxf2 Qxf6+ 36. Kg2 Qb2+ 37. Kf3 Qxa2 38. Qb5 Qc4 39. Qb8+ Kh7 40.
Bd4 Qf1# 0-1

[Event "NCL967 Croydon-BCM"]
[Site "Rd3"]
[Date "1996.11.23"]
[Round "3.2"]
[White "Mestel, Jonathan"]
[Black "Harley, Andrew"]
[Result "1/2-1/2"]
[WhiteElo "2510"]
[BlackElo "2265"]
[PlyCount "96"]
[EventDate "1996.11.23"]
[Source "J.Saunders"]
[SourceDate "1998.06.06"]

1. c4 Nf6 2. Nf3 c5 3. g3 d5 4. cxd5 Nxd5 5. Bg2 Nc6 6. O-O e5 7. Nc3 Nc7 8.
Ne1 Bf5 9. f4 exf4 10. d3 Qd7 11. Bxf4 Ne6 12. Bd2 Ned4 13. e3 Bg4 14. Qa4 Ne2+
15. Nxe2 Bxe2 16. Rf2 Bg4 17. Bc3 f6 18. a3 Bd6 19. Qe4+ Qe6 20. b4 Qxe4 21.
Bxe4 O-O 22. b5 Nd8 23. Nf3 a6 24. b6 Bd7 25. Nd2 Bc6 26. Nc4 Be7 27. Rd1 Rc8
28. Bf5 Rb8 29. Na5 Ba4 30. Rb1 Nf7 31. Be6 Kh8 32. Bd5 Nd6 33. g4 Rfd8 34. e4
Nb5 35. Bb2 Rd7 36. Rc1 Bd8 37. Be5 Nd6 38. Nc4 Be7 39. Bg3 Rbd8 40. Be6 Nxc4
41. Bxd7 Bxd7 42. Rxc4 Bb5 43. Rc3 Bxd3 44. e5 c4 45. Rd2 fxe5 46. Bf2 e4 47.
Be3 Bf6 48. Rcc2 h6 1/2-1/2

[Event "NCL967 Croydon-BCM"]
[Site "Rd3"]
[Date "1996.11.23"]
[Round "3.3"]
[White "Lazarus, Simon"]
[Black "Bellin, Robert"]
[Result "0-1"]
[WhiteElo "2128"]
[BlackElo "2375"]
[PlyCount "76"]
[EventDate "1996.11.23"]
[Source "J.Saunders"]
[SourceDate "1998.06.06"]

1. d4 f5 2. g3 Nf6 3. Bg2 e6 4. Nf3 Be7 5. O-O O-O 6. c4 d6 7. Nc3 a5 8. Qc2
Nc6 9. a3 e5 10. dxe5 dxe5 11. Rd1 Qe8 12. Nd5 Bd8 13. b3 e4 14. Ne1 Ne5 15.
Bg5 Neg4 16. h3 c6 17. Nxf6+ Bxf6 18. Bxf6 Nxf6 19. e3 Qe5 20. Qd2 Be6 21. Qd4
Qxd4 22. Rxd4 Kf7 23. f3 Ke7 24. Rad1 c5 25. Rd6 Ra6 26. Rxa6 bxa6 27. fxe4
fxe4 28. Bf1 Rb8 29. Rb1 Nd7 30. Bg2 Bf5 31. Nc2 Ne5 32. Rf1 Bg6 33. Na1 Rd8
34. h4 h5 35. Nc2 Rd2 36. Rf2 Rd6 37. b4 Rd1+ 38. Kh2 Ng4+ 0-1

[Event "NCL967 Croydon-BCM"]
[Site "Rd3"]
[Date "1996.11.23"]
[Round "3.4"]
[White "Friedgood, David"]
[Black "Gunter, David"]
[Result "0-1"]
[WhiteElo "2270"]
[BlackElo "2155"]
[PlyCount "76"]
[EventDate "1996.11.23"]
[Source "J.Saunders"]
[SourceDate "1998.06.06"]

1. c4 g6 2. Nc3 Bg7 3. d4 Nf6 4. e4 d6 5. Be2 O-O 6. Nf3 e5 7. O-O exd4 8. Nxd4
Re8 9. f3 Nh5 10. f4 Nf6 11. Bf3 Bg4 12. Nb3 Bxf3 13. Qxf3 Nc6 14. Bd2 Qd7 15.
Rae1 Qg4 16. Qd3 Qh4 17. Nd5 Nxd5 18. cxd5 Ne7 19. Nd4 Rac8 20. Re2 Qg4 21.
Ref2 c6 22. dxc6 Nxc6 23. Nb5 Rcd8 24. Bc3 Bxc3 25. Nxc3 Qe6 26. Nd5 Rf8 27. f5
Qe5 28. Qh3 g5 29. f6 Kh8 30. Qh6 Rg8 31. Ne7 Qxe4 32. Nxg8 Rxg8 33. Qh5 Ne5
34. h3 Qd5 35. Rf5 Qe4 36. Kh1 Qd3 37. R1f2 Qc4 38. Rxg5 Qc1+ 0-1

[Event "NCL967 Croydon-BCM"]
[Site "Rd3"]
[Date "1996.11.23"]
[Round "3.5"]
[White "Coathup, Roger"]
[Black "Cafferty, Bernard"]
[Result "1/2-1/2"]
[WhiteElo "2110"]
[BlackElo "2240"]
[PlyCount "50"]
[EventDate "1996.11.23"]
[Source "J.Saunders"]
[SourceDate "1998.06.06"]

1. d4 Nf6 2. c4 e6 3. Nc3 Bb4 4. a3 Bxc3+ 5. bxc3 c5 6. f3 Qa5 7. Bd2 d6 8. e4
Nc6 9. Bd3 Bd7 10. f4 e5 11. Nf3 exf4 12. O-O O-O-O 13. Bxf4 Bg4 14. d5 Ne5 15.
Qd2 Bxf3 16. gxf3 Nh5 17. Bg3 Nxg3 18. hxg3 Qa4 19. Qe2 f6 20. f4 Nxd3 21. Qxd3
Rde8 22. Rfe1 Qd7 23. Re2 Re7 24. Rae1 Rhe8 25. e5 fxe5 1/2-1/2

[Event "NCL967 Croydon-BCM"]
[Site "Rd3"]
[Date "1996.11.23"]
[Round "3.6"]
[White "Bellin, Jana"]
[Black "McGrath, James"]
[Result "1/2-1/2"]
[WhiteElo "2215"]
[BlackElo "2088"]
[PlyCount "115"]
[EventDate "1996.11.23"]
[Source "J.Saunders"]
[SourceDate "1998.06.06"]

1. d4 Nf6 2. c4 g6 3. Nc3 Bg7 4. e4 d6 5. f3 O-O 6. Be3 e5 7. d5 Nh5 8. Qd2
Qh4+ 9. Kd1 Qe7 10. Kc2 f5 11. Nge2 Nd7 12. Rc1 Nb6 13. Ng1 Bd7 14. Kb1 c5 15.
Ka1 a6 16. Bd3 Na4 17. Nxa4 Bxa4 18. Ne2 Bd7 19. b4 b6 20. Rb1 Bc8 21. Nc3 Nf6
22. bxc5 bxc5 23. Rb6 Nd7 24. Rb3 Rb8 25. Rxb8 Nxb8 26. Rb1 Nd7 27. Bc2 Qd8 28.
Na4 f4 29. Bf2 Bf6 30. Bd1 Bh4 31. g3 fxg3 32. hxg3 Bg5 33. Qb2 Qa5 34. Qc3 Bd2
35. Qxa5 Bxa5 36. Kb2 Nb6 37. Nxb6 Bxb6 38. Kc2 Ba5 39. Kd3 Bg4 40. Ke3 Bc3 41.
Rb3 Bd4+ 42. Ke2 Bxf2 43. Kxf2 Bc8 44. Rb6 Rf6 45. Ke3 g5 46. a4 h5 47. Rc6 Bb7
48. Rc7 Rf7 49. Rxf7 Kxf7 50. f4 g4 51. a5 Bc8 52. Ba4 Ke7 53. Bc6 Kf7 54. fxe5
dxe5 55. d6 Ke6 56. d7 Bxd7 57. Bb7 Kd6 58. Kd3 1/2-1/2

[Event "NCL967 Croydon-BCM"]
[Site "Rd3"]
[Date "1996.11.23"]
[Round "3.7"]
[White "De Coverly, Roger"]
[Black "Anderton, David"]
[Result "1/2-1/2"]
[WhiteElo "2085"]
[BlackElo "2200"]
[PlyCount "46"]
[EventDate "1996.11.23"]
[Source "J.Saunders"]
[SourceDate "1998.06.06"]

1. e4 e6 2. d4 d5 3. Nd2 Nf6 4. e5 Nfd7 5. Ngf3 c5 6. c4 cxd4 7. cxd5 exd5 8.
Bd3 Be7 9. O-O O-O 10. Nb3 Nc6 11. Re1 Nb4 12. Nfxd4 Nxd3 13. Qxd3 Nc5 14. Nxc5
Bxc5 15. Be3 Bb6 16. h3 Re8 17. Nf3 Bxe3 18. Rxe3 Be6 19. Nd4 Qh4 20. Rf1 Qf4
21. Rfe1 Rad8 22. Rf3 Qh6 23. Qe3 Qxe3 1/2-1/2

[Event "NCL967 Croydon-BCM"]
[Site "Rd3"]
[Date "1996.11.23"]
[Round "3.8"]
[White "Edwards, Ray"]
[Black "Turvey, Syringa"]
[Result "1-0"]
[WhiteElo "2079"]
[BlackElo "1624"]
[PlyCount "65"]
[EventDate "1996.11.23"]
[Source "J.Saunders"]
[SourceDate "1998.06.06"]

1. d4 Nf6 2. c4 g6 3. Nc3 Bg7 4. e4 d6 5. Nf3 O-O 6. Be2 e5 7. Be3 Re8 8. d5 c6
9. O-O Qc7 10. Ne1 Nbd7 11. Nd3 a6 12. Rc1 c5 13. a3 Nf8 14. f3 h6 15. Qd2 Kh7
16. Bd1 g5 17. Be2 Nh5 18. Nf2 Nf4 19. g3 Nh3+ 20. Nxh3 Bxh3 21. Rf2 Ng6 22.
Bd3 Qd7 23. b4 Rac8 24. bxc5 dxc5 25. Rb1 Rc7 26. Qd1 f5 27. exf5 Bxf5 28. Ne4
Bxe4 29. Bxe4 b5 30. cxb5 axb5 31. Qc2 Qd6 32. Rxb5 c4 33. Rb6 1-0

[Event "NCL967 Hertford-Celtic Kts"]
[Site "Rd3"]
[Date "1996.11.23"]
[Round "3.1"]
[White "Swanson, Stephen"]
[Black "Williams, Leighton"]
[Result "1/2-1/2"]
[WhiteElo "2265"]
[BlackElo "2135"]
[PlyCount "141"]
[EventDate "1996.11.23"]
[Source "J.Saunders"]
[SourceDate "1998.06.06"]

1. e4 c5 2. Nf3 Nc6 3. Bb5 g6 4. O-O Bg7 5. d3 Nd4 6. Nxd4 cxd4 7. Nd2 e6 8. f4
Ne7 9. f5 exf5 10. exf5 Nxf5 11. Ne4 O-O 12. Rxf5 gxf5 13. Nd6 Be5 14. Nxf5 d5
15. Nh6+ Kh8 16. Qh5 Qf6 17. Bd2 Be6 18. Rf1 Qg7 19. Bd7 Bxd7 20. Nxf7+ Rxf7
21. Rxf7 Bg4 22. Rxg7 Bxh5 23. Rg5 Bd1 24. Rxe5 Bxc2 25. Rxd5 Bxd3 26. Rxd4 Bf5
27. Rd5 Rf8 28. g4 Bg6 29. Rd7 Rf7 30. Rd6 Kg7 31. Kg2 Be4+ 32. Kg3 Rf3+ 33.
Kh4 Rf2 34. Bc3+ Kf7 35. h3 Rf3 36. a4 a6 37. a5 Ke7 38. Rd4 Bc6 39. Rd1 Ke6
40. Re1+ Kf7 41. Re5 Rd3 42. Rf5+ Ke8 43. Rf2 Ke7 44. Rh2 Rd5 45. g5 Be8 46.
Re2+ Kd7 47. Kg4 Bg6 48. h4 h5+ 49. Kf4 Rf5+ 50. Kg3 Rd5 51. Rf2 Bf5 52. Kf4
Bg6 53. Kg3 Bf5 54. Rf4 Rd3+ 55. Kf2 Rd5 56. Rb4 Rb5 57. Rd4+ Ke6 58. Rd8 Kf7
59. Ke3 Rc5 60. Rd6 Rc6 61. Rd5 Be6 62. Rd2 Kg6 63. Kf4 Rc5 64. Ke4 Bf5+ 65.
Kd4 Rc8 66. Re2 Rc7 67. Re8 Kf7 68. Rh8 Bg6 69. Kd5 Re7 70. Bb4 Re4 71. Rf8+
1/2-1/2

[Event "NCL967 Hertford-Celtic Kts"]
[Site "Rd3"]
[Date "1996.11.23"]
[Round "3.2"]
[White "Walsh, Chris"]
[Black "Duncan, Chris"]
[Result "1-0"]
[WhiteElo "2180"]
[BlackElo "2340"]
[PlyCount "41"]
[EventDate "1996.11.23"]
[Source "J.Saunders"]
[SourceDate "1998.06.06"]

1. e4 c5 2. Nf3 d6 3. d4 cxd4 4. Nxd4 Nf6 5. Nc3 g6 6. Be3 Bg7 7. f3 O-O 8. Qd2
Nc6 9. O-O-O Bd7 10. g4 Rc8 11. h4 Ne5 12. h5 Nxf3 13. Nxf3 Bxg4 14. Be2 Bxh5
15. Nd4 Qa5 16. Bxh5 Nxh5 17. Nf5 Bf6 18. Bd4 Kh8 19. Rxh5 gxh5 20. Bxf6+ exf6
21. Qh6 1-0

[Event "NCL967 Hertford-Celtic Kts"]
[Site "Rd3"]
[Date "1996.11.23"]
[Round "3.3"]
[White "Coleman, David"]
[Black "Gilbert, Jonathan"]
[Result "1-0"]
[WhiteElo "2280"]
[BlackElo "2150"]
[PlyCount "69"]
[EventDate "1996.11.23"]
[Source "J.Saunders"]
[SourceDate "1998.06.06"]

1. e4 c6 2. d4 d5 3. exd5 cxd5 4. c4 Nf6 5. Nc3 e6 6. Nf3 Be7 7. cxd5 Nxd5 8.
Bd3 Nc6 9. O-O O-O 10. Re1 Nf6 11. a3 b6 12. Bc2 Bb7 13. Qd3 Rc8 14. d5 Na5 15.
Bg5 g6 16. d6 Bxd6 17. Bxf6 Qxf6 18. Qxd6 Bxf3 19. gxf3 Nc4 20. Qg3 Rfd8 21.
Rac1 Nxb2 22. Ne4 Qe7 23. Qf4 Rc4 24. Qe5 Qxa3 25. Nf6+ Kf8 26. Nxh7+ Kg8 27.
Nf6+ Kf8 28. Ne4 Nd3 29. Qh8+ Ke7 30. Qh4+ Ke8 31. Nf6+ Kf8 32. Qxc4 Nxc1 33.
Qf4 Qc3 34. Rxc1 Rd2 35. Ne4 1-0

[Event "NCL967 Hertford-Celtic Kts"]
[Site "Rd3"]
[Date "1996.11.23"]
[Round "3.4"]
[White "Musson, Adam"]
[Black "Hanreck, Alan"]
[Result "1/2-1/2"]
[WhiteElo "2090"]
[BlackElo "2275"]
[PlyCount "103"]
[EventDate "1996.11.23"]
[Source "J.Saunders"]
[SourceDate "1998.06.06"]

1. e4 c5 2. Nf3 d6 3. d4 cxd4 4. Nxd4 Nf6 5. Nc3 a6 6. Bc4 e6 7. Bb3 Nbd7 8.
O-O Nc5 9. f4 Be7 10. Qf3 O-O 11. Be3 Qc7 12. f5 Bd7 13. fxe6 fxe6 14. Nf5 Rf7
15. Nxe7+ Rxe7 16. Qg3 Nxb3 17. axb3 Rf8 18. Rad1 Bc6 19. e5 dxe5 20. Bc5 Ref7
21. Bxf8 Rxf8 22. Rde1 Qb6+ 23. Qe3 Qxe3+ 24. Rxe3 e4 25. h3 Rf7 26. Rd1 Kf8
27. Ne2 Rc7 28. Nd4 Bd7 29. c3 e5 30. Ne2 Ke7 31. g4 h6 32. Ng3 Bc6 33. Nf5+
Kf7 34. c4 Kg6 35. Kf2 h5 36. Kg3 hxg4 37. hxg4 Kg5 38. Nd6 b5 39. c5 a5 40.
Rf1 g6 41. Rd1 Bd5 42. Rxd5 Nxd5 43. Nxe4+ Kh6 44. Rd3 Nf4 45. Rd8 Ne2+ 46. Kf2
Nd4 47. g5+ Kg7 48. Rd5 Nxb3 49. Rxe5 b4 50. Ke2 a4 51. Nd6 Rxc5 52. Re7+
1/2-1/2

[Event "NCL967 Hertford-Celtic Kts"]
[Site "Rd3"]
[Date "1996.11.23"]
[Round "3.5"]
[White "Dearing, Eddie"]
[Black "Sheehan, Anthony"]
[Result "0-1"]
[WhiteElo "2185"]
[BlackElo "2100"]
[PlyCount "54"]
[EventDate "1996.11.23"]
[Source "J.Saunders"]
[SourceDate "1998.06.06"]

1. d4 d5 2. c4 dxc4 3. e3 e5 4. Bxc4 exd4 5. exd4 Nf6 6. Nf3 Be7 7. O-O O-O 8.
h3 Nbd7 9. Nc3 Nb6 10. Bb3 c6 11. Re1 h6 12. Be3 Bf5 13. Ne5 Nbd5 14. Qf3 Be6
15. Bc2 Nxe3 16. Qxe3 Bd6 17. Rad1 Qc7 18. f4 Rad8 19. g4 Bxe5 20. dxe5 Nd5 21.
Qe4 Rfe8 22. Rd2 Nxc3 23. Qh7+ Kf8 24. Rxd8 Rxd8 25. bxc3 Qb6+ 26. Kh1 Rd2 27.
Rb1 Bd5+ 0-1

[Event "NCL967 Hertford-Celtic Kts"]
[Site "Rd3"]
[Date "1996.11.23"]
[Round "3.6"]
[White "Hill, David F"]
[Black "Thethi, Pritpal"]
[Result "1/2-1/2"]
[WhiteElo "1960"]
[BlackElo "2000"]
[PlyCount "60"]
[EventDate "1996.11.23"]
[Source "J.Saunders"]
[SourceDate "1998.06.06"]

1. e4 c5 2. Nc3 Nc6 3. f4 d6 4. Nf3 g6 5. Bc4 Bg7 6. d3 e6 7. Bb3 Nge7 8. g4 h5
9. gxh5 Rxh5 10. Ne2 Na5 11. Ba4+ Bd7 12. Bxd7+ Qxd7 13. Ng3 Rh8 14. c3 Nac6
15. Qe2 O-O-O 16. Be3 Kb8 17. O-O-O Ka8 18. d4 cxd4 19. Nxd4 d5 20. Nb3 Qc7 21.
Kb1 dxe4 22. Nxe4 Nd5 23. Qf2 Bh6 24. Ng5 Nxe3 25. Rxd8+ Nxd8 26. Qxe3 e5 27.
fxe5 Qe7 28. Qh3 Nc6 29. Nf3 Nxe5 30. Re1 Bg7 1/2-1/2

[Event "NCL967 Hertford-Celtic Kts"]
[Site "Rd3"]
[Date "1996.11.23"]
[Round "3.7"]
[White "Denton, John"]
[Black "Sinnett, Glyn"]
[Result "1-0"]
[WhiteElo "2008"]
[BlackElo "2010"]
[PlyCount "79"]
[EventDate "1996.11.23"]
[Source "J.Saunders"]
[SourceDate "1998.06.06"]

1. d4 d5 2. Nf3 e6 3. c4 c6 4. Nc3 dxc4 5. a4 Bb4 6. e3 b5 7. Bd2 a5 8. axb5
Bxc3 9. Bxc3 cxb5 10. Qd2 Nf6 11. b3 Ne4 12. Qc2 Nxc3 13. Qxc3 O-O 14. bxc4 b4
15. Qc2 Nc6 16. Bd3 g6 17. h4 Bd7 18. h5 f5 19. hxg6 hxg6 20. d5 Qf6 21. Ke2
exd5 22. cxd5 Ne5 23. Nxe5 Qxe5 24. f4 Qg7 25. g4 a4 26. gxf5 b3 27. Qb1 Bxf5
28. Bxf5 Rxf5 29. Qe4 Qb2+ 30. Kf3 a3 31. Rag1 Qf6 32. d6 Ra7 33. Qe8+ Kg7 34.
Qh8+ Kf7 35. Rh7+ Ke6 36. Qc8+ Kxd6 37. Rxa7 Qh4 38. Qc7+ Kd5 39. Rd1+ Ke6 40.
Rd6# 1-0

[Event "NCL967 Midland Mons-Wessex"]
[Site "Rd3"]
[Date "1996.11.23"]
[Round "3.1"]
[White "Arkell, Keith"]
[Black "Poulton, James"]
[Result "1-0"]
[WhiteElo "2545"]
[BlackElo "2360"]
[PlyCount "71"]
[EventDate "1996.11.23"]
[Source "J.Saunders"]
[SourceDate "1998.06.06"]

1. d4 Nf6 2. Nf3 c5 3. d5 b5 4. Bg5 d6 5. Bxf6 exf6 6. e4 a6 7. a4 b4 8. a5 g6
9. Bd3 Bg7 10. c3 Nd7 11. Qa4 Qc7 12. O-O bxc3 13. bxc3 O-O 14. Ra3 Bb7 15. Bc4
Rfe8 16. Nbd2 Bh6 17. Rb1 Re7 18. Rab3 Bc8 19. Qc6 Ra7 20. Rb6 Ne5 21. Qxd6
Nxf3+ 22. Nxf3 Rxe4 23. Qxc7 Rxc7 24. Bd3 Re8 25. Bxa6 Bf5 26. Ra1 Be4 27. Bb5
Rd8 28. c4 Bf4 29. a6 Ra7 30. Bc6 Bd3 31. Rb7 Bb8 32. Nd2 Rxb7 33. axb7 Kf8 34.
Ra3 Bf5 35. Nb3 Bd6 36. Ra8 1-0

[Event "NCL967 Midland Mons-Wessex"]
[Site "Rd3"]
[Date "1996.11.23"]
[Round "3.2"]
[White "Rossiter, Philip"]
[Black "Parker, Jonathan"]
[Result "1/2-1/2"]
[WhiteElo "2370"]
[BlackElo "2470"]
[PlyCount "42"]
[EventDate "1996.11.23"]
[Source "J.Saunders"]
[SourceDate "1998.06.06"]

1. e4 e5 2. Nf3 Nc6 3. Bc4 Bc5 4. O-O Nf6 5. d3 d6 6. c3 O-O 7. Nbd2 a6 8. Bb3
Ba7 9. h3 Be6 10. Bc2 h6 11. Re1 d5 12. exd5 Qxd5 13. Nf1 Rfe8 14. Be3 Bxe3 15.
Rxe3 Qd6 16. Re1 Nd5 17. d4 exd4 18. Nxd4 Nxd4 19. Qxd4 Qb6 20. Qxb6 Nxb6 21.
Ne3 Rad8 1/2-1/2